Statistics for Indiana Pacers All-Time Starting 5

Click here to take the quiz!

General Stats

  • This quiz has been taken 32 times
  • The average score is 4 of 7

Answer Stats

Position Player % Correct
SGReggie Miller
93%
SFPaul George
89%
CJermaine O'Neal
59%
6th ManRik Smits
52%
PGMark Jackson
48%
CoachBobby Leonard
15%
PFChuck Person
7%

Score Distribution

Percentile by Number Answered

Percent of People with Each Score

Your Score History

You have not taken this quiz